Finish The Christmas Song - Statistics

General Stats
  • This quiz has been taken 46 times
  • The average score is 5 of 12
Answer Stats
Lyrics Answer % Correct
Oh, the weather outside is frightfulBut the fire is so __________ delightful
95%
Jingle bells, jingle bells, jingle all the wayOh what fun it is to ride in a __________ open sleigh one-horse
93%
This year, to save you my tearsI'll give it to someone ______ special
76%
Deck the halls with ______ of hollyFa la la la la la la la la boughs
51%
Rockin' around the Christmas treeAt the Christmas party ____ hop
51%
Our cheeks are nice and _____ and comfy and cozy are weWe're snuggled up __________ like two birds of a feather would be rosytogether
27%
Twelve ________________Eleven pipers piping drummers drumming
22%
And so I'm offering this ____________To kids from one to ninety-two simple phrase
20%
Jingle bell, jingle bell, jingle rockJingle bells ______ and jingle bells _____ swingring
20%
There's a tree in the Grand Hotel, one in the ____ as well park
17%
Jolly old St. NicholasLean your ___ this way ear
15%
You're a vile one, Mr. GrinchYou have ________ in your smile termites
15%
No matching quizzes found
Score Distribution
Percent of People with Each Score
Percentile by Number Answered
Your Score History
You have not taken this quiz